Internetová kriminalita páchaná na dětech psychologie internetové oběti, pachatele a kriminality

Gespeichert in:
Bibliographische Detailangaben
1. Verfasser: Hulanová, Lenka
Format: Buch
Sprache:Tschechisch
Veröffentlicht: Praha Stanislav Juhaňák - TRITON 2012
Schlagworte:
Tags: Tag hinzufügen
Keine Tags, Fügen Sie das erste Tag hinzu!

MARC

LEADER 00000nam a2200000 4500
001 0182754
005 20240313085908.2
020 |a 978-80-7387-545-9 
041 0 |a cze 
044 |a CZ 
245 1 0 |a Internetová kriminalita páchaná na dětech  |b psychologie internetové oběti, pachatele a kriminality  |c Lenka Hulanová 
264 1 |a Praha  |b Stanislav Juhaňák - TRITON  |c 2012 
300 |a 217 s. 
610 2 0 |a deti 
610 2 0 |a internet 
610 2 0 |a kriminalita 
610 2 0 |a kriminalita počítačová 
610 2 0 |a psychológia 
100 1 |a Hulanová, Lenka